000 00624nam a2200217 4500
003 OSt
005 20240606070536.0
006 a
008 240606b |||||||| |||| 00| 0 eng d
020 _a9716857207
040 _aDWCL-Main lib.
_cOC
082 _aFil. 510 F981 2010
110 _aElvira L. Arellano...[et al] .
245 _aFundamentals of mathematics 1 /
260 _aQuezon City, Phils. :
_bLorimar Pub.,
_cc2010.
300 _aiv,
_b284 p. : col. ill. ;
_c25 cm.
504 _aIncludes references.
650 _a1. Mathematics.
710 _aElvira L. Arellano...[et al] .
942 _2ddc
_n0
_cBK - FIL
_kFil.
999 _c298
_d298